000
00345cam a2200145ua 4500
041
_a
hin
_h
082
_a
891.43
_b
PIY/YO
100
_a
Piyarlugi, .
245
_a
Youvan ki Aandhi /
_c
Piyarelugi.
_h
Textual Documents
260
_a
:
_b
Rajapal yada sangei ,
_c
1957.
300
_a
251 ; .
504
_a
942
_c
BK
999
_c
11963
_d
11963